Statistics for Taylor Swift: Midnights (Every Edition)

Click here to take the quiz!

General Stats

  • This quiz has been taken 25 times
  • The average score is 4 of 10

Answer Stats

Answer% Correct
3AM Edition
86%
Lavender Edition
55%
The Til Dawn Edition
45%
The Late Night Edition
36%
Jade Green Edition
27%
Mahogany Edition
27%
Moonstone Blue Edition
27%
Standard Edition
27%
Blood Moon Edition
18%
Love Potion Edition
9%

Score Distribution

Percentile by Number Answered

Percent of People with Each Score

Your Score History

You have not taken this quiz